000 00596nam a2200241Ia 4500
003 OSt
005 20221007115655.0
006 a|||||r|||| 00| 0
007 ta
008 221006b |||||||| |||| 00| 0 hin d
024 _a37,821
037 _cTextual
040 _aLCO
_cLCO
_bhin
041 _2hin
_ahin
082 _aZ2,2,4qM82, 152 8
100 _aTRIPATHI (T.P)
245 0 _aSampati Antaran Adhiniyam
250 _a16th
260 _c2018
300 _a448
942 _hZ2,2,4qM82, 152 8
_cTEXL
999 _c1207384
_d1207384